Bolas locas / (Record no. 29258)

MARC details
000 -LEADER
fixed length control field 00553 a2200205 4500
003 - CONTROL NUMBER IDENTIFIER
control field sjds
005 - DATE AND TIME OF LATEST TRANSACTION
control field 20240317215236.0
008 - FIXED-LENGTH DATA ELEMENTS--GENERAL INFORMATION
fixed length control field 240317b |||||||| |||| 00| 0 spa d
020 ## - INTERNATIONAL STANDARD BOOK NUMBER
International Standard Book Number 9788427931688
020 ## - INTERNATIONAL STANDARD BOOK NUMBER
International Standard Book Number 8427931689
040 ## - CATALOGING SOURCE
Transcribing agency sjds
041 ## - LANGUAGE CODE
Language code of text/sound track or separate title spa
100 ## - MAIN ENTRY--PERSONAL NAME
Personal name Byars, Betsy Cromer
245 ## - TITLE STATEMENT
Title Bolas locas /
Statement of responsibility, etc. Betsy Cromer Byars
260 ## - PUBLICATION, DISTRIBUTION, ETC. (IMPRINT)
Place of publication, distribution, etc. Barcelona [Spain] :
Name of publisher, distributor, etc. Editorial Noguer,
Date of publication, distribution, etc. 2005, c1985
300 ## - PHYSICAL DESCRIPTION
Extent 121 pages :
Other physical details illustrations ;
Dimensions 20 cm
440 ## - SERIES STATEMENT/ADDED ENTRY--TITLE
Title Cuatro vientos,
Number of part/section of a work 59
521 ## - TARGET AUDIENCE NOTE
Target audience note A partir de 11 anos.
942 ## - ADDED ENTRY ELEMENTS (KOHA)
Koha item type Libro/Book
Holdings
Withdrawn status Lost status Damaged status Not for loan Home library Current library Date acquired Inventory number Total Checkouts Total Renewals Full call number Barcode Date last seen Date checked out Price effective from Koha item type
        San Juan Del Sur -- Mobile San Juan Del Sur -- Mobile 04/03/2024 Inventory date: 27-2-25 4 1 JF 33016126 20/11/2024 03/10/2024 04/03/2024 Libro/Book

Powered by Koha